Представление документа в формате MARC21

Поле Инд. ПП Название Значение
Тип записи a
Библиографический уровень b
001 Контрольный номер RU/IS/BASE/109703967
005 Дата корректировки 20200630193233.0
084 a Индекс другой классификации/Индекс ББК 66.01; 60.000.3
097 00 a 750
100 10 a Автор Макеев А. В.
245 00 a Заглавие Культурно-цивилизационные основы политики в сфере безопасности
504 00 a Библиография Библиогр. ссылки
650 a Основная рубрика политика
a Основная рубрика политическая философия (философия политики)
a Основная рубрика социальная философия
a Основная рубрика философия
653 00 a Ключевые слова архетип
a Ключевые слова государство-нация
a Ключевые слова культура
a Ключевые слова ментальность
a Ключевые слова национальная безопасность
a Ключевые слова национальная культура
a Ключевые слова поведенческий стереотип
a Ключевые слова политическая культура
a Ключевые слова политическое поведение
a Ключевые слова политология
a Ключевые слова психология
a Ключевые слова Россия
a Ключевые слова социальная структура
a Ключевые слова социальная сфера
a Ключевые слова социокультурная сфера
a Ключевые слова социология культуры
a Ключевые слова ценностные ориентации
a Ключевые слова этническая психология (этнопсихология)
a Ключевые слова этносоциология
a Ключевые слова этносы
773 00 t Заглавие источника Вестник Московского университета. Серия 18, Социология и политология
d Дата издания источника 2000
g Прочая информация № 3. - С. 18 - 49
w Контрольный № источника RU/IS/BASE/144174158
901 t Тип документа b